Shark attack! / (Record no. 757)

MARC details
000 -LEADER
fixed length control field 01179cam a22003377a 4500
005 - DATE AND TIME OF LATEST TRANSACTION
control field 20230706093241.0
020 ## - INTERNATIONAL STANDARD BOOK NUMBER
International Standard Book Number 0756656079 (pbk.)
020 ## - INTERNATIONAL STANDARD BOOK NUMBER
International Standard Book Number 9780756656072 (pbk.)
040 ## - CATALOGING SOURCE
Original cataloging agency B2A
Language of cataloging eng
Transcribing agency B2A
Modifying agency JQD
-- QBX
-- OCLCQ
-- DLC
050 00 - LIBRARY OF CONGRESS CALL NUMBER
Classification number QL638.93
Item number D825 2008
082 00 - DEWEY DECIMAL CLASSIFICATION NUMBER
Classification number 597.3
Edition number 22
100 1# - MAIN ENTRY--PERSONAL NAME
Personal name Dubowski, Cathy East.
245 10 - TITLE STATEMENT
Title Shark attack! /
Statement of responsibility, etc. written by Cathy East Dubowski.
260 ## - PUBLICATION, DISTRIBUTION, ETC.
Place of publication, distribution, etc. New York :
Name of publisher, distributor, etc. Dorling Kindersley,
Date of publication, distribution, etc. 2009, 1998.
300 ## - PHYSICAL DESCRIPTION
Extent 48 pages. :
Other physical details collor. illustrations., maps ;
Dimensions 23 cm.
490 1# - SERIES STATEMENT
Series statement DK readers. 3
500 ## - GENERAL NOTE
General note Originally published: 1998.
500 ## - GENERAL NOTE
General note Includes index.
505 ## - FORMATTED CONTENTS NOTE
Formatted contents note U
520 ## - SUMMARY, ETC.
Summary, etc. Describes the nearly disastrous encounter of a spear-fisherman with a shark off the coast of Australia, and describes the physical features, diet, and behavior of sharks.
521 ## - TARGET AUDIENCE NOTE
Target audience note 820L
Source Lexile
521 ## - TARGET AUDIENCE NOTE
Target audience note U
Source Raz-Plus
650 #0 - SUBJECT ADDED ENTRY--TOPICAL TERM
Topical term or geographic name entry element Shark attacks
Form subdivision Non-fiction.
650 #0 - SUBJECT ADDED ENTRY--TOPICAL TERM
Topical term or geographic name entry element Sharks
General subdivision Behavior
Form subdivision Non-fiction.
650 #0 - SUBJECT ADDED ENTRY--TOPICAL TERM
Topical term or geographic name entry element Readers
General subdivision Sharks.
655 #0 - INDEX TERM--GENRE/FORM
Genre/form data or focus term Readers (Elementary)
906 ## - LOCAL DATA ELEMENT F, LDF (RLIN)
a 7
b cbc
c copycat
d 2
e ncip
f 20
g y-gencatlg
942 ## - ADDED ENTRY ELEMENTS (KOHA)
Source of classification or shelving scheme Dewey Decimal Classification
Koha item type Books
Suppress in OPAC No
999 ## -
-- 757
-- 757

No items available.